000 00721nam a22001937a 4500
999 _c17445
_d17445
003 AR-CdUCM
008 190508b ||||| |||| 00| 0 spa d
040 _aMUNICIPALIDAD PROVINCIAL DEL CUSCO
_cBIBLIOTECA MUNICIPAL DEL CUSCO
082 _23ed.
_a808.068 /
_bV39
100 _aVega, Blanca de la
_937468
245 _aAntología de la poesía infantil /
260 _aBuenos Aires :
_bKapelusz,
_c1960.
300 _a425 páginas ;
_c18.5 cm.
505 _aContenido: Para niños de 4 a 6 años -- Para niños de 6 a 8 años -- Para niños de 8 a 10 años -- Para niños de 10 a 12 años...
650 _aPoesías juveniles
_937469
650 _aColecciones
_9607
942 _2ddc
_cLIBROS
945 _aacv
_d2019-05-08